000 00521nam a22001697a 4500
005 20260430132641.0
008 260430b |||||||| |||| 00| 0 eng d
020 _a9780406850584
_qhbk
041 _aeng
082 _a348.42 ALL.2
245 _aThe All England Law Reports 1957
_bIncorporating the LAW TIMES REPORTS LAW JOURNAL REPORTS
_nVol. 2
260 _aLondon
_bButterworth & Co. (Publishers) Ltd.
_c1957
300 _a864p. :
_c25cm
504 _aindex
650 _aLaws, regulations & cases
942 _cENGLISH
999 _c621669
_d621669